| 000 | 00720nam a2200217 a 4500 | ||
|---|---|---|---|
| 005 | 20260324064018.0 | ||
| 008 | 140214s2010 ag r 000 0 spa d | ||
| 020 | _a9789870602705 | ||
| 035 | _aUPN01000195841 | ||
| 049 | _aCG | ||
| 050 | 4 |
_aLA546 _bG9.2 |
|
| 100 | 1 |
_aGvirtz, Silvina, _d1963- _934907 |
|
| 245 | 1 | 0 |
_aAlianzas para la mejora educacional : _bestado y sociedad civil en Escuelas del Bicentenario / _cSilvina Gvirtz, Angela Inés Oría. |
| 260 |
_aBuenos Aires : _bAique, _c2010. |
||
| 300 |
_a166 p. : _bil., gráfs. |
||
| 650 | 4 |
_aEducación y Estado _zArgentina _95672 |
|
| 650 | 4 |
_aReforma educativa _zArgentina _91560 |
|
| 700 | 1 |
_aOría, Angela Inés, _ecoaut. |
|
| 905 | _aLibro | ||
| 999 |
_c167942 _d167942 |
||